000 00617nam a2200193 i 4500
001 99328
003 ES-MaACL
005 20240116184029.0
007 t|
008 050906s1958 sp ||||1| spa d
100 1 _aMartín-Granizo, León.
_977517
245 1 0 _aViaje de don Gaspar Melchor de Jovellanos a principios del siglo XIX /
_cLeón Martín-Granizo.
250 _a2ª ed.
260 _aMadrid :
_b[s.n.],
_c1958 (
_fF. Domenech)
300 _a38 p. ;
_c24 cm.
600 1 0 _aJovellanos, Gaspar Melchor de,
_d1744-1811
_9222580
852 _aES-MaACL
_j2009-F-1
_bR.43157
999 _c99328
_d99328